| 000 | 00442nam a22001457a 4500 | ||
|---|---|---|---|
| 005 | 20160411121810.0 | ||
| 008 | 160411b xxu||||| |||| 00| 0 eng d | ||
| 050 | _aDL877.F852 | ||
| 100 |
_aFredriksson, Gunnar _923660 |
||
| 245 |
_aSweden at the UN _cby Fredriksson, Gunnar |
||
| 260 |
_aStockholm _bSvenska Institutet _c1996 |
||
| 300 |
_a63p.; _c21cm. |
||
| 650 |
_aSweden relations with United Nations _923661 |
||
| 942 |
_2lcc _cMONOGRAPH |
||
| 999 |
_c124558 _d124558 |
||